Richmond International Airport Destinations (Richmond, VA, USA) - Statistics

General Stats
  • This quiz has been taken 121 times
    41 since last reset
  • The average score is 33 of 39
Answer Stats
Airline Destination % Correct
Southwest Airlines Chicago (Midway)
100%
American Eagle/United Airlines/United Express Chicago (O'Hare)
100%
American Airlines Dallas/Fort Worth
100%
Southwest Airlines/United Airlines Denver
100%
United Airlines/United Express Houston (Intercontinental)
100%
Delta Connection New York (JFK)
100%
American Eagle/Delta Connection/Spirit Airlines New York (LaGuardia)
100%
American Eagle Philadelphia
100%
United Express Washington (Dulles)
100%
Delta Air Lines/Frontier Airlines Atlanta
97%
Southwest Airlines Baltimore
97%
Delta Connection/JetBlue Boston
97%
Delta Air Lines/Delta Connection/Frontier Airlines/Spirit Airlines Detroit
97%
JetBlue/Southwest Airlines/Spirit Airlines Orlando
97%
Allegiant Air Orlando/Sanford
97%
American Airlines/American Eagle Charlotte
94%
Breeze Airways/Spirit Airlines Las Vegas
94%
Breeze Airways Los Angeles
94%
American Airlines/American Eagle Miami
94%
JetBlue/Spirit Airlines Fort Lauderdale
91%
Delta Connection/Sun Country Airlines Minneapolis/St. Paul
91%
United Express Newark
91%
Southwest Airlines Nashville
88%
Breeze Airways Tampa
85%
Breeze Airways Fort Myers
82%
BermudAir Bermuda
79%
Breeze Airways New Orleans
79%
Breeze Airways San Francisco
79%
Breeze Airways Jacksonville (FL)
76%
Breeze Airways Phoenix (Sky Harbor)
76%
Breeze Airways Charleston (SC)
67%
Breeze Airways Hartford
67%
Breeze Airways Sarasota
67%
Allegiant Air Punta Gorda (FL)
61%
Allegiant Air St. Petersburg/Clearwater
61%
Breeze Airways West Palm Beach
61%
Breeze Airways Providence
52%
Breeze Airways Long Island/Islip
48%
Breeze Airways New Haven
45%
No matching quizzes found
Score Distribution
Percent of People with Each Score
Percentile by Number Answered
Your Score History
You have not taken this quiz since the last reset